Capital Cities Spelled Exactly Right - Statistics

General Stats
  • This quiz has been taken 28 times
  • The average score is 9 of 10
Answer Stats
City Hint Capital City % Correct
Capital of Australia Canberra
100%
Capital of Canada Ottawa
100%
Capital of Iceland Reykjavik
100%
Capital of Bosnia & Herzegovina Sarajevo
89%
Capital of South Africa (Not Cape Town or Pretoria) Bloemfontein
85%
Capital of Slovenia Ljubljana
85%
Capital of Mongolia Ulaanbaatar
85%
Capital of Bahrain Manama
81%
Capital of Burkina Faso Ouagadougou
81%
Capital of Sri Lanka Sri Jayawardenepura Kotte
59%
No matching quizzes found
Score Distribution
Percent of People with Each Score
Percentile by Number Answered
Your Score History
You have not taken this quiz